00555nam a22001817a 450000500170000001000150001702000280003202000220006003500130008203700130009508200120010810000190012024500820013926000460022127000660026730000200033350000200035320231205141307.0 aENG-112407 a9780199457526c850.00  a199457522c850.00 aEN-95939 bDBAD/PUB a338.954 aRamesh, Jairam aGreen signals :cby Jairam Rameshbecology, growth, and democracy in india /  aNew Delhi bOxford University Pressc2015 aYMCA Library Building, 1 Jai Singh Road, bNew Delhi e110001 a604p.c23cm(Hb) aIncludes index